[Event "DEM U10 2019"]
[Site "Willingen GER"]
[Date "2019.06.14"]
[Round "10"]
[White "Sauer, Tim"]
[Black "Helms, Finn"]
[Result "1-0"]
[Termination "normal"]
[Board "1"]
[WhiteElo "1553"]
[BlackElo "1773"]
[WhiteClock "00:07:28"]
[BlackClock "00:59:11"]
[PlyCount "104"]
[WhiteFideId "16265726"]
[BlackFideId "16249143"]
[EventCountry "GER"]
[EventRounds "11"]
[EventType "swiss"]
[EventDate "2019.06.08"]

1. c4 {[%clk 1:15:58]} 1... Nf6 {[%clk 1:15:47]} 2. Nc3 {[%clk 1:16:21]} 2...
g6 {[%clk 1:16:13]} 3. g3 {[%clk 1:16:46]} 3... Bg7 {[%clk 1:16:38]} 4. Bg2 {
[%clk 1:17:12]} 4... d6 {[%clk 1:17:02]} 5. e3 {[%clk 1:17:30]} 5... O-O {
[%clk 1:17:25]} 6. Nge2 {[%clk 1:17:58]} 6... e5 {[%clk 1:17:42]} 7. d4 { [%clk
1:18:03]} 7... Nbd7 {[%clk 1:17:50]} 8. O-O {[%clk 1:18:25]} 8... Ne8 { [%clk
1:17:57]} 9. d5 {[%clk 1:14:27]} 9... f5 {[%clk 1:18:02]} 10. e4 { [%clk
1:14:14]} 10... Ndf6 {[%clk 1:17:51]} 11. f4 {[%clk 1:07:25]} 11... Nxe4 {[%clk
1:16:40]} 12. Nxe4 {[%clk 1:07:26]} 12... fxe4 {[%clk 1:17:08]} 13. Bxe4 {[%clk
1:06:34]} 13... Bf5 {[%clk 1:17:13]} 14. Nc3 {[%clk 1:04:33]} 14... Bxe4 {[%clk
1:15:54]} 15. Nxe4 {[%clk 1:04:48]} 15... Nf6 {[%clk 1:16:03]} 16. Ng5 { [%clk
1:04:42]} 16... Qd7 {[%clk 1:13:55]} 17. Ne6 {[%clk 1:04:18]} 17... Rf7 { [%clk
1:12:28]} 18. fxe5 {[%clk 0:54:25]} 18... dxe5 {[%clk 1:12:50]} 19. Re1 { [%clk
0:49:26]} 19... Qd6 {[%clk 1:12:33]} 20. Qe2 {[%clk 0:42:30]} 20... Nd7 { [%clk
1:06:01]} 21. Nxg7 {[%clk 0:37:25]} 21... Kxg7 {[%clk 1:05:56]} 22. b3 { [%clk
0:36:22]} 22... Kg8 {[%clk 1:06:07]} 23. Bb2 {[%clk 0:35:54]} 23... Raf8 {[%clk
1:05:46]} 24. Rf1 {[%clk 0:25:53]} 24... Qc5+ {[%clk 1:05:27]} 25. Kg2 { [%clk
0:23:45]} 25... c6 {[%clk 1:01:57]} 26. Rxf7 {[%clk 0:20:46]} 26... Rxf7 {[%clk
1:02:13]} 27. dxc6 {[%clk 0:20:49]} 27... Qxc6+ {[%clk 1:02:32]} 28. Kg1 {[%clk
0:21:00]} 28... Qc5+ {[%clk 1:02:20]} 29. Kg2 {[%clk 0:21:19]} 29... e4 {[%clk
1:02:01]} 30. Rd1 {[%clk 0:18:01]} 30... Qc6 {[%clk 0:58:49]} 31. Qe3 { [%clk
0:06:14]} 31... Rf3 {[%clk 0:56:37]} 32. Qd4 {[%clk 0:06:31]} 32... Nf6 { [%clk
0:56:22]} 33. Qd8+ {[%clk 0:06:15]} 33... Kg7 {[%clk 0:42:39]} 34. Bxf6+ {[%clk
0:02:35]} 34... Rxf6 {[%clk 0:42:32]} 35. Qd7+ {[%clk 0:02:49]} 35... Qxd7
{[%clk 0:42:34]} 36. Rxd7+ {[%clk 0:03:14]} 36... Rf7 {[%clk 0:43:00]} 37.
Rxf7+ {[%clk 0:02:49]} 37... Kxf7 {[%clk 0:43:26]} 38. Kf2 {[%clk 0:03:11]}
38... Ke6 {[%clk 0:43:40]} 39. Ke3 {[%clk 0:03:33]} 39... Ke5 {[%clk 0:41:35]}
40. g4 {[%clk 0:02:38]} 40... g5 {[%clk 0:41:07]} 41. b4 {[%clk 0:01:01]} 41...
b5 {[%clk 0:40:38]} 42. cxb5 {[%clk 0:04:13]} 42... Kd5 {[%clk 0:56:01]} 43. a4
{[%clk 0:04:31]} 43... Kc4 {[%clk 0:56:08]} 44. b6 {[%clk 0:04:47]} 44... axb6
{[%clk 0:56:30]} 45. a5 {[%clk 0:05:09]} 45... bxa5 {[%clk 0:56:36]} 46. bxa5 {
[%clk 0:05:30]} 46... Kb5 {[%clk 0:57:00]} 47. Kxe4 {[%clk 0:05:40]} 47... Kxa5
{[%clk 0:57:25]} 48. Kf5 {[%clk 0:05:59]} 48... h6 {[%clk 0:57:51]} 49. Kg6 {
[%clk 0:06:23]} 49... Kb5 {[%clk 0:58:17]} 50. Kxh6 {[%clk 0:06:45]} 50... Kc5
{[%clk 0:58:45]} 51. Kxg5 {[%clk 0:07:06]} 51... Kd6 {[%clk 0:59:11]} 52. Kf6 {
[%clk 0:07:28]} 52... Kd5 1-0

[Event "DEM U10 2019"]
[Site "Willingen GER"]
[Date "2019.06.14"]
[Round "10"]
[White "Torosyan, Bagrat"]
[Black "Besou, Hussain"]
[Result "1-0"]
[Termination "normal"]
[Board "2"]
[WhiteElo "1444"]
[BlackElo "1789"]
[WhiteClock "00:16:22"]
[BlackClock "01:01:36"]
[PlyCount "115"]
[WhiteFideId "16258134"]
[BlackFideId "16269950"]
[EventCountry "GER"]
[EventRounds "11"]
[EventType "swiss"]
[EventDate "2019.06.08"]

1. e4 {[%clk 1:15:57]} 1... c5 {[%clk 1:15:53]} 2. Nf3 {[%clk 1:16:20]} 2... e6
{[%clk 1:16:16]} 3. d4 {[%clk 1:16:42]} 3... cxd4 {[%clk 1:16:39]} 4. Nxd4 {
[%clk 1:17:06]} 4... Nf6 {[%clk 1:17:03]} 5. Nc3 {[%clk 1:17:31]} 5... d6 {
[%clk 1:17:22]} 6. Be3 {[%clk 1:17:24]} 6... a6 {[%clk 1:17:37]} 7. a4 { [%clk
1:17:20]} 7... b6 {[%clk 1:17:28]} 8. Be2 {[%clk 1:16:54]} 8... Bb7 { [%clk
1:17:25]} 9. f3 {[%clk 1:17:02]} 9... Be7 {[%clk 1:17:14]} 10. Qd2 { [%clk
1:16:08]} 10... Nbd7 {[%clk 1:16:53]} 11. O-O {[%clk 1:15:25]} 11... O-O {[%clk
1:16:51]} 12. Rad1 {[%clk 1:12:41]} 12... Rc8 {[%clk 1:16:14]} 13. Bd3 { [%clk
1:10:28]} 13... Qc7 {[%clk 1:14:03]} 14. Nde2 {[%clk 1:08:31]} 14... Ne5 {[%clk
1:12:36]} 15. h3 {[%clk 1:06:49]} 15... Nfd7 {[%clk 1:10:49]} 16. f4 { [%clk
1:07:01]} 16... Nc4 {[%clk 1:11:11]} 17. Bxc4 {[%clk 1:07:21]} 17... Qxc4
{[%clk 1:11:32]} 18. Qd3 {[%clk 1:03:21]} 18... Qc7 {[%clk 1:10:54]} 19. Rc1 {
[%clk 0:58:02]} 19... Nc5 {[%clk 1:09:45]} 20. Bxc5 {[%clk 0:55:32]} 20...
Qxc5+ {[%clk 1:09:11]} 21. Kh1 {[%clk 0:55:09]} 21... f5 {[%clk 1:07:50]} 22.
exf5 {[%clk 0:54:58]} 22... exf5 {[%clk 1:07:33]} 23. Nd4 {[%clk 0:53:23]}
23... Rf6 {[%clk 1:07:13]} 24. Rce1 {[%clk 0:28:08]} 24... Bf8 {[%clk 1:06:57]}
25. Ne6 {[%clk 0:26:38]} 25... Qc6 {[%clk 1:06:35]} 26. Qd2 {[%clk 0:25:38]}
26... Rg6 {[%clk 1:05:51]} 27. Rf2 {[%clk 0:25:04]} 27... Re8 {[%clk 1:01:28]}
28. Nd4 {[%clk 0:21:53]} 28... Rxe1+ {[%clk 1:01:48]} 29. Qxe1 {[%clk 0:22:18]}
29... Qd7 {[%clk 1:01:32]} 30. Re2 {[%clk 0:18:45]} 30... Ba8 {[%clk 1:00:05]}
31. Qd2 {[%clk 0:11:25]} 31... Rh6 {[%clk 0:58:35]} 32. Kh2 {[%clk 0:11:25]}
32... Qf7 {[%clk 0:58:09]} 33. Qd3 {[%clk 0:10:03]} 33... Rf6 {[%clk 0:57:35]}
34. Nf3 {[%clk 0:09:35]} 34... Qh5 {[%clk 0:55:14]} 35. Nd2 {[%clk 0:08:33]}
35... Rh6 {[%clk 0:50:09]} 36. Qc4+ {[%clk 0:04:12]} 36... Qf7 {[%clk 0:49:40]}
37. Qxa6 37... Bb7 {[%clk 0:49:56]} 38. Qc4 {[%clk 0:02:43]} 38... d5 { [%clk
0:50:19]} 39. Qd3 {[%clk 0:03:06]} 39... Bd6 {[%clk 0:50:26]} 40. Qe3 { [%clk
0:02:37]} 40... Bc6 {[%clk 0:50:20]} 41. Nf3 {[%clk 0:02:36]} 41... Qc7 { [%clk
0:49:11]} 42. Ne5 {[%clk 0:02:52]} 42... Re6 {[%clk 0:49:14]} 43. Qg3 { [%clk
0:02:02]} 43... d4 {[%clk 0:49:00]} 44. Nb5 {[%clk 0:01:29]} 44... Bxb5 { [%clk
0:49:21]} 45. axb5 {[%clk 0:01:52]} 45... h6 {[%clk 0:46:51]} 46. Qb3 { [%clk
0:01:57]} 46... Qc8 {[%clk 0:46:27]} 47. Nc6 {[%clk 0:14:17]} 47... Bxf4+
{[%clk 1:01:50]} 48. g3 {[%clk 0:14:39]} 48... Be3 {[%clk 1:01:33]} 49. Nxd4 {
[%clk 0:14:37]} 49... Bxd4 {[%clk 1:01:51]} 50. Qxe6+ {[%clk 0:14:48]} 50...
Qxe6 {[%clk 1:02:14]} 51. Rxe6 {[%clk 0:15:10]} 51... Kf7 {[%clk 1:02:36]} 52.
Rc6 {[%clk 0:15:29]} 52... Ke7 {[%clk 1:02:28]} 53. Kg2 {[%clk 0:15:20]} 53...
Bxb2 {[%clk 1:02:21]} 54. Rxb6 {[%clk 0:15:41]} 54... Bd4 {[%clk 1:02:44]} 55.
Rc6 {[%clk 0:16:01]} 55... Kd7 {[%clk 1:03:06]} 56. c4 {[%clk 0:16:24]} 56...
Bc3 {[%clk 1:03:00]} 57. Kf3 {[%clk 0:16:44]} 57... Bd2 {[%clk 1:01:36]} 58.
Rc5 {[%clk 0:16:22]} 1-0

[Event "DEM U10 2019"]
[Site "Willingen GER"]
[Date "2019.06.14"]
[Round "10"]
[White "Ermitsch, Magnus"]
[Black "Sommer, Justus"]
[Result "1-0"]
[Termination "normal"]
[Board "4"]
[WhiteElo "1843"]
[BlackElo "1684"]
[WhiteClock "00:08:22"]
[BlackClock "00:25:22"]
[PlyCount "55"]
[WhiteFideId "16234464"]
[BlackFideId "16245008"]
[EventCountry "GER"]
[EventRounds "11"]
[EventType "swiss"]
[EventDate "2019.06.08"]

1. e4 {[%clk 1:15:36]} 1... e5 {[%clk 1:15:14]} 2. Nf3 {[%clk 1:15:23]} 2...
Nc6 {[%clk 1:15:24]} 3. Bb5 {[%clk 1:15:06]} 3... a6 {[%clk 1:15:39]} 4. Ba4 {
[%clk 1:14:46]} 4... Nf6 {[%clk 1:15:47]} 5. d3 {[%clk 1:14:17]} 5... b5 {
[%clk 1:15:49]} 6. Bb3 {[%clk 1:13:58]} 6... Be7 {[%clk 1:15:22]} 7. O-O {
[%clk 1:13:21]} 7... O-O {[%clk 1:14:56]} 8. Re1 {[%clk 1:12:29]} 8... h6 {
[%clk 1:14:16]} 9. Nbd2 {[%clk 1:11:45]} 9... Re8 {[%clk 1:14:30]} 10. Nf1 {
[%clk 1:10:58]} 10... Bf8 {[%clk 1:14:42]} 11. c3 {[%clk 1:07:04]} 11... Qe7 {
[%clk 1:13:15]} 12. Ng3 {[%clk 1:05:50]} 12... g6 {[%clk 1:13:37]} 13. h3 {
[%clk 0:59:54]} 13... Bb7 {[%clk 1:11:55]} 14. Nh2 {[%clk 0:59:15]} 14... Bg7 {
[%clk 1:10:11]} 15. Ng4 {[%clk 0:52:17]} 15... Kh7 {[%clk 1:08:04]} 16. Qf3 {
[%clk 0:46:19]} 16... Nxg4 {[%clk 1:01:41]} 17. Qxg4 {[%clk 0:44:24]} 17... Na5
{[%clk 0:57:15]} 18. Bc2 {[%clk 0:39:47]} 18... Rad8 {[%clk 0:52:26]} 19. b4 {
[%clk 0:39:49]} 19... Nc6 {[%clk 0:52:27]} 20. Bb3 {[%clk 0:39:16]} 20... d6 {
[%clk 0:46:54]} 21. Re3 {[%clk 0:31:46]} 21... Rf8 {[%clk 0:42:51]} 22. Nf5 {
[%clk 0:12:42]} 22... gxf5 {[%clk 0:37:01]} 23. Qxf5+ {[%clk 0:13:01]} 23...
Kh8 {[%clk 0:37:14]} 24. Rg3 {[%clk 0:08:58]} 24... Bc8 {[%clk 0:34:13]} 25.
Qh5 {[%clk 0:07:29]} 25... Kh7 {[%clk 0:28:20]} 26. Rxg7+ {[%clk 0:07:41]}
26... Kxg7 {[%clk 0:25:52]} 27. Bxh6+ {[%clk 0:08:01]} 27... Kg8 { [%clk
0:25:22]} 28. Qg6+ {[%clk 0:08:22]} 1-0

[Event "DEM U10 2019"]
[Site "Willingen GER"]
[Date "2019.06.14"]
[Round "10"]
[White "Xue, Luka"]
[Black "Klaska, Philipp Leon"]
[Result "1-0"]
[Termination "normal"]
[Board "5"]
[WhiteElo "1429"]
[BlackElo "1444"]
[WhiteClock "00:03:05"]
[BlackClock "00:01:53"]
[PlyCount "65"]
[WhiteFideId "16277252"]
[BlackFideId "16238044"]
[EventCountry "GER"]
[EventRounds "11"]
[EventType "swiss"]
[EventDate "2019.06.08"]

1. d4 {[%clk 1:15:58]} 1... d5 {[%clk 1:15:55]} 2. Nf3 {[%clk 1:16:22]} 2... e6
{[%clk 1:16:22]} 3. e3 {[%clk 1:16:40]} 3... Nf6 {[%clk 1:16:44]} 4. Bd3 {
[%clk 1:16:46]} 4... Be7 {[%clk 1:17:03]} 5. b3 {[%clk 1:16:34]} 5... O-O {
[%clk 1:17:13]} 6. O-O {[%clk 1:16:16]} 6... Nbd7 {[%clk 1:17:17]} 7. Bb2 {
[%clk 1:15:58]} 7... b6 {[%clk 1:16:10]} 8. Ne5 {[%clk 1:14:58]} 8... Bb7 {
[%clk 1:14:41]} 9. f4 {[%clk 1:14:25]} 9... c5 {[%clk 1:13:29]} 10. Rf3 { [%clk
1:10:12]} 10... c4 {[%clk 1:03:23]} 11. Bf1 {[%clk 1:07:36]} 11... cxb3 { [%clk
1:00:52]} 12. axb3 {[%clk 1:06:30]} 12... Qc7 {[%clk 0:58:34]} 13. Rh3 { [%clk
1:02:10]} 13... Rfc8 {[%clk 0:56:49]} 14. Bd3 {[%clk 1:01:03]} 14... Nf8 {[%clk
0:47:21]} 15. f5 {[%clk 0:50:15]} 15... Bd6 {[%clk 0:41:21]} 16. Qe1 { [%clk
0:45:44]} 16... a5 {[%clk 0:30:35]} 17. Qh4 {[%clk 0:44:05]} 17... Ba6 { [%clk
0:26:24]} 18. c4 {[%clk 0:36:10]} 18... exf5 {[%clk 0:22:07]} 19. Bxf5 { [%clk
0:35:27]} 19... Re8 {[%clk 0:20:45]} 20. Nd2 {[%clk 0:30:59]} 20... Ng6 { [%clk
0:16:56]} 21. Bxg6 {[%clk 0:28:30]} 21... fxg6 {[%clk 0:16:46]} 22. Rc1 { [%clk
0:25:21]} 22... Bb4 {[%clk 0:12:48]} 23. cxd5 {[%clk 0:23:54]} 23... Qb7 {[%clk
0:10:24]} 24. Ne4 {[%clk 0:19:01]} 24... g5 {[%clk 0:08:41]} 25. Nxg5 { [%clk
0:18:22]} 25... h6 {[%clk 0:05:45]} 26. Ngf7 {[%clk 0:13:30]} 26... Nxd5 {[%clk
0:04:48]} 27. Rc6 {[%clk 0:09:13]} 27... Bb5 {[%clk 0:03:16]} 28. Nxh6+ {[%clk
0:05:21]} 28... gxh6 {[%clk 0:02:43]} 29. Rg6+ {[%clk 0:03:47]} 29... Kf8
{[%clk 0:02:10]} 30. Qxh6+ {[%clk 0:03:30]} 30... Ke7 {[%clk 0:02:30]} 31. Rg7+
{[%clk 0:03:20]} 31... Kd8 {[%clk 0:02:41]} 32. Rxb7 {[%clk 0:03:17]} 32... Rc8
{[%clk 0:01:53]} 33. Nf7# {[%clk 0:03:05]} 1-0

[Event "DEM U10 2019"]
[Site "Willingen GER"]
[Date "2019.06.14"]
[Round "10"]
[White "Haubold, Sebastian Marcel"]
[Black "Fietz, Nils"]
[Result "1-0"]
[Termination "normal"]
[Board "6"]
[WhiteElo "1506"]
[BlackElo "1677"]
[WhiteClock "00:15:46"]
[BlackClock "00:36:47"]
[PlyCount "141"]
[WhiteFideId "16259637"]
[BlackFideId "16263880"]
[EventCountry "GER"]
[EventRounds "11"]
[EventType "swiss"]
[EventDate "2019.06.08"]

1. e4 {[%clk 1:15:57]} 1... e5 {[%clk 1:15:48]} 2. Nf3 {[%clk 1:16:05]} 2...
Nf6 {[%clk 1:16:02]} 3. Nxe5 {[%clk 1:16:10]} 3... d6 {[%clk 1:16:13]} 4. Nf3 {
[%clk 1:16:30]} 4... Nxe4 {[%clk 1:16:30]} 5. d4 {[%clk 1:16:51]} 5... d5 {
[%clk 1:16:41]} 6. Bd3 {[%clk 1:16:59]} 6... Bf5 {[%clk 1:15:57]} 7. O-O {
[%clk 1:16:11]} 7... Bd6 {[%clk 1:16:06]} 8. Re1 {[%clk 1:15:19]} 8... O-O {
[%clk 1:16:05]} 9. c4 {[%clk 1:14:29]} 9... c6 {[%clk 1:15:45]} 10. Qb3 { [%clk
1:11:06]} 10... Qb6 {[%clk 1:14:42]} 11. Qxb6 {[%clk 1:10:19]} 11... axb6
{[%clk 1:14:57]} 12. Nh4 {[%clk 1:08:45]} 12... Bd7 {[%clk 1:13:31]} 13. Bxe4 {
[%clk 1:07:30]} 13... dxe4 {[%clk 1:13:05]} 14. Rxe4 {[%clk 1:07:00]} 14... Na6
15. Bd2 {[%clk 1:07:05]} 15... Nb4 {[%clk 1:12:24]} 16. Bxb4 {[%clk 1:03:56]}
16... Bxb4 {[%clk 1:12:41]} 17. a3 {[%clk 1:02:37]} 17... Rfe8 {[%clk 1:12:25]}
18. Re3 {[%clk 1:01:51]} 18... Rxe3 {[%clk 1:11:33]} 19. fxe3 {[%clk 1:02:10]}
19... Be6 {[%clk 1:11:44]} 20. b3 {[%clk 1:01:18]} 20... Bg4 {[%clk 1:09:22]}
21. Nf3 {[%clk 0:59:16]} 21... Bf5 {[%clk 1:09:08]} 22. a4 {[%clk 0:58:01]}
22... Bc2 {[%clk 1:09:13]} 23. Nbd2 {[%clk 0:58:22]} 23... Re8 {[%clk 1:07:19]}
24. Kf2 {[%clk 0:57:03]} 24... g5 {[%clk 1:00:28]} 25. g4 {[%clk 0:54:26]}
25... Kg7 {[%clk 0:59:42]} 26. Ke2 {[%clk 0:47:34]} 26... h6 {[%clk 0:59:13]}
27. Rc1 {[%clk 0:45:40]} 27... Bh7 {[%clk 0:58:55]} 28. Rf1 {[%clk 0:42:46]}
28... Bc3 {[%clk 0:58:24]} 29. Nb1 {[%clk 0:33:48]} 29... Bb4 {[%clk 0:58:12]}
30. Ne5 {[%clk 0:33:20]} 30... Bg6 {[%clk 0:56:49]} 31. Nxg6 {[%clk 0:33:40]}
31... Kxg6 {[%clk 0:57:09]} 32. Nd2 {[%clk 0:32:30]} 32... Bd6 {[%clk 0:53:37]}
33. h3 {[%clk 0:31:43]} 33... Bf4 {[%clk 0:52:58]} 34. Rf3 {[%clk 0:32:06]}
34... Bd6 {[%clk 0:48:22]} 35. Kd3 {[%clk 0:30:20]} 35... Re6 {[%clk 0:46:58]}
36. Ne4 {[%clk 0:27:47]} 36... Be7 {[%clk 0:47:11]} 37. Ng3 {[%clk 0:27:54]}
37... f6 {[%clk 0:45:17]} 38. e4 {[%clk 0:26:39]} 38... Bd6 39. Nf5 { [%clk
0:25:58]} 39... Bf4 {[%clk 0:45:01]} 40. h4 40... Re8 {[%clk 0:44:07]} 41. h5+
{[%clk 0:23:51]} 41... Kh7 {[%clk 0:44:07]} 42. Rf2 {[%clk 0:23:14]} 42... Rd8
{[%clk 0:43:33]} 43. b4 {[%clk 0:22:47]} 43... Ra8 {[%clk 0:43:42]} 44. Ra2
{[%clk 0:22:37]} 44... Bc7 {[%clk 0:43:55]} 45. d5 {[%clk 0:20:54]} 45... Rd8
{[%clk 0:44:09]} 46. Nd4 {[%clk 0:20:56]} 46... Be5 {[%clk 0:44:09]} 47. Ne6
{[%clk 0:20:39]} 47... Re8 {[%clk 0:43:47]} 48. c5 {[%clk 0:19:17]} 48... bxc5
{[%clk 0:43:01]} 49. bxc5 {[%clk 0:19:37]} 49... Kg8 {[%clk 0:42:21] } 50. Nd4
{[%clk 0:17:38]} 50... Rd8 {[%clk 0:41:41]} 51. Kc4 {[%clk 0:16:10]} 51... Kf7
{[%clk 0:41:36]} 52. Rb2 {[%clk 0:16:12]} 52... Rd7 {[%clk 0:41:55]} 53. Rb6
{[%clk 0:16:13]} 53... Bxd4 {[%clk 0:39:47]} 54. Kxd4 {[%clk 0:14:33]} 54...
Ke7 {[%clk 0:39:57]} 55. Kc4 {[%clk 0:13:50]} 55... cxd5+ {[%clk 0:40:12] } 56.
exd5 {[%clk 0:14:15]} 56... Kf7 {[%clk 0:40:07]} 57. c6 {[%clk 0:13:39]} 57...
bxc6 {[%clk 0:39:56]} 58. dxc6 {[%clk 0:13:49]} 58... Rd8 {[%clk 0:38:53] } 59.
a5 {[%clk 0:13:16]} 59... Rd1 {[%clk 0:37:34]} 60. Kb5 {[%clk 0:12:33]} 60...
Rb1+ {[%clk 0:35:10]} 61. Ka6 {[%clk 0:12:42]} 61... Ra1 {[%clk 0:35:01]} 62.
c7 {[%clk 0:13:01]} 62... Rc1 {[%clk 0:35:21]} 63. Kb7 {[%clk 0:13:27]} 63...
Ke7 {[%clk 0:34:45]} 64. c8=Q {[%clk 0:13:46]} 64... Rxc8 {[%clk 0:35:02] } 65.
Kxc8 {[%clk 0:14:11]} 65... Kf7 {[%clk 0:35:19]} 66. a6 {[%clk 0:14:35]} 66...
f5 {[%clk 0:35:38]} 67. a7 {[%clk 0:14:51]} 67... fxg4 {[%clk 0:35:58]} 68.
a8=Q {[%clk 0:15:12]} 68... g3 {[%clk 0:36:17]} 69. Qf3+ {[%clk 0:15:26]} 69...
Kg7 {[%clk 0:36:37]} 70. Qf6+ {[%clk 0:15:46]} 70... Kg8 {[%clk 0:36:47]} 71.
Rb7 1-0

[Event "DEM U10 2019"]
[Site "Willingen GER"]
[Date "2019.06.14"]
[Round "10"]
[White "Arora, Abhiraaj"]
[Black "Dorendorf, Mika"]
[Result "1-0"]
[Termination "normal"]
[Board "7"]
[WhiteElo "1454"]
[BlackElo "1398"]
[WhiteClock "00:36:22"]
[BlackClock "00:28:41"]
[PlyCount "87"]
[WhiteFideId "25611054"]
[BlackFideId "16283066"]
[EventCountry "GER"]
[EventRounds "11"]
[EventType "swiss"]
[EventDate "2019.06.08"]

1. d4 {[%clk 1:15:58]} 1... Nf6 {[%clk 1:14:53]} 2. Nf3 {[%clk 1:16:21]} 2...
e6 {[%clk 1:14:46]} 3. c4 {[%clk 1:16:40]} 3... d5 {[%clk 1:14:04]} 4. Nc3 {
[%clk 1:17:01]} 4... c5 {[%clk 1:13:51]} 5. cxd5 {[%clk 1:13:57]} 5... Nxd5 {
[%clk 1:11:59]} 6. e4 {[%clk 1:14:00]} 6... Nxc3 {[%clk 1:12:14]} 7. bxc3 {
[%clk 1:14:23]} 7... Nc6 {[%clk 1:10:41]} 8. Be3 {[%clk 1:14:12]} 8... cxd4 {
[%clk 1:10:53]} 9. cxd4 {[%clk 1:14:33]} 9... a5 {[%clk 1:09:48]} 10. a3 {
[%clk 1:13:41]} 10... Bd7 {[%clk 1:06:48]} 11. Be2 {[%clk 1:11:49]} 11... Ne7 {
[%clk 1:05:12]} 12. Ne5 {[%clk 1:10:07]} 12... Nc6 {[%clk 1:02:02]} 13. Nxd7 {
[%clk 1:09:07]} 13... Qxd7 {[%clk 1:02:07]} 14. Bb5 {[%clk 1:09:11]} 14... Rd8
{[%clk 1:01:16]} 15. d5 {[%clk 1:03:44]} 15... exd5 {[%clk 0:56:50]} 16. Bb6 {
[%clk 1:02:32]} 16... Rc8 {[%clk 0:55:44]} 17. exd5 {[%clk 1:02:37]} 17... Qf5
{[%clk 0:44:29]} 18. Qe2+ {[%clk 1:02:21]} 18... Be7 {[%clk 0:44:35]} 19. dxc6
{[%clk 0:59:42]} 19... bxc6 {[%clk 0:44:43]} 20. Bd3 {[%clk 0:59:44]} 20... Qf6
{[%clk 0:44:45]} 21. O-O {[%clk 0:59:27]} 21... O-O {[%clk 0:44:44]} 22. Bxa5 {
[%clk 0:59:26]} 22... Ra8 {[%clk 0:45:02]} 23. Qd2 {[%clk 0:57:07]} 23... Qd6 {
[%clk 0:40:49]} 24. a4 {[%clk 0:51:45]} 24... Rxa5 {[%clk 0:40:58]} 25. Bxh7+ {
[%clk 0:50:22]} 25... Kxh7 {[%clk 0:40:52]} 26. Qxa5 {[%clk 0:50:30]} 26... Rd8
{[%clk 0:41:01]} 27. Qh5+ {[%clk 0:50:24]} 27... Kg8 {[%clk 0:41:27]} 28. Rfd1
{[%clk 0:46:25]} 28... Qf6 {[%clk 0:41:00]} 29. Rxd8+ {[%clk 0:46:02]} 29...
Bxd8 {[%clk 0:41:22]} 30. Rf1 {[%clk 0:45:35]} 30... Bb6 {[%clk 0:37:53]} 31.
a5 {[%clk 0:45:09]} 31... Ba7 {[%clk 0:37:09]} 32. a6 {[%clk 0:44:24]} 32...
Qd4 {[%clk 0:37:04]} 33. Qe2 {[%clk 0:42:25]} 33... Qb6 {[%clk 0:33:29]} 34.
Qe8+ {[%clk 0:41:01]} 34... Kh7 {[%clk 0:33:47]} 35. Qc8 {[%clk 0:40:57]} 35...
Qc5 {[%clk 0:32:33]} 36. Qb7 {[%clk 0:40:40]} 36... Kg8 {[%clk 0:32:20]} 37. h3
{[%clk 0:40:13]} 37... Kh7 {[%clk 0:32:00]} 38. Qxf7 {[%clk 0:40:15]} 38... Qb6
{[%clk 0:31:59]} 39. Re1 {[%clk 0:39:17]} 39... Qc5 {[%clk 0:30:55]} 40. g4 {
[%clk 0:37:14]} 40... Kh6 {[%clk 0:28:04]} 41. Re6+ {[%clk 0:36:02]} 41... Kg5
{[%clk 0:28:06]} 42. Qxg7+ {[%clk 0:35:45]} 42... Kf4 {[%clk 0:28:18]} 43. Qf6+
{[%clk 0:36:00]} 43... Qf5 {[%clk 0:28:41]} 44. Qxf5# {[%clk 0:36:22]} 1-0

[Event "DEM U10 2019"]
[Site "Willingen GER"]
[Date "2019.06.14"]
[Round "10"]
[White "Jahnz, Laurin"]
[Black "Haubold, Christian Lucas"]
[Result "1/2-1/2"]
[Termination "normal"]
[Board "9"]
[WhiteElo "1497"]
[BlackElo "1387"]
[WhiteClock "00:17:21"]
[BlackClock "00:15:13"]
[PlyCount "84"]
[WhiteFideId "16261089"]
[BlackFideId "16259629"]
[EventCountry "GER"]
[EventRounds "11"]
[EventType "swiss"]
[EventDate "2019.06.08"]

1. e4 {[%clk 1:15:58]} 1... c5 {[%clk 1:15:53]} 2. Nf3 {[%clk 1:16:22]} 2... g6
{[%clk 1:16:02]} 3. c3 {[%clk 1:15:21]} 3... Nf6 {[%clk 1:14:42]} 4. e5 { [%clk
1:14:32]} 4... Nd5 {[%clk 1:15:02]} 5. d4 {[%clk 1:14:35]} 5... cxd4 { [%clk
1:15:19]} 6. cxd4 {[%clk 1:14:15]} 6... Nc6 {[%clk 1:12:24]} 7. Nc3 { [%clk
1:11:53]} 7... e6 {[%clk 0:59:53]} 8. Nxd5 {[%clk 1:10:36]} 8... exd5 { [%clk
1:00:01]} 9. Be2 {[%clk 1:07:54]} 9... d6 {[%clk 0:53:43]} 10. exd6 { [%clk
1:04:49]} 10... Qxd6 {[%clk 0:54:05]} 11. O-O {[%clk 1:04:45]} 11... Bg7 {[%clk
0:54:17]} 12. Re1 {[%clk 1:03:06]} 12... O-O {[%clk 0:54:39]} 13. Be3 { [%clk
1:01:27]} 13... Bg4 {[%clk 0:54:24]} 14. h3 {[%clk 1:00:52]} 14... Bxf3 { [%clk
0:50:21]} 15. Bxf3 {[%clk 1:00:32]} 15... Rad8 {[%clk 0:50:16]} 16. a3 { [%clk
0:58:07]} 16... Qc7 {[%clk 0:46:54]} 17. Qd2 {[%clk 0:55:14]} 17... Qb6 { [%clk
0:46:33]} 18. Red1 {[%clk 0:53:49]} 18... Na5 {[%clk 0:41:51]} 19. Qb4 { [%clk
0:44:56]} 19... Nc4 {[%clk 0:36:41]} 20. Qxb6 {[%clk 0:44:39]} 20... Nxb6
{[%clk 0:36:32]} 21. b3 {[%clk 0:43:36]} 21... Rc8 {[%clk 0:35:48]} 22. Rac1 {
[%clk 0:42:42]} 22... f5 {[%clk 0:31:20]} 23. Rc5 {[%clk 0:37:37]} 23... Rcd8 {
[%clk 0:26:00]} 24. Rc7 {[%clk 0:35:56]} 24... Rf7 {[%clk 0:24:53]} 25. Rxf7 {
[%clk 0:35:28]} 25... Kxf7 {[%clk 0:25:11]} 26. Rc1 {[%clk 0:35:05]} 26... Ke6
{[%clk 0:25:25]} 27. Rc7 {[%clk 0:33:59]} 27... Rd7 {[%clk 0:25:47]} 28. Rxd7 {
[%clk 0:34:09]} 28... Nxd7 {[%clk 0:25:37]} 29. g3 {[%clk 0:33:52]} 29... h6 {
[%clk 0:24:34]} 30. h4 {[%clk 0:34:09]} 30... Nf6 {[%clk 0:24:37]} 31. Kf1 {
[%clk 0:33:32]} 31... Ne4 {[%clk 0:24:09]} 32. Ke2 {[%clk 0:31:08]} 32... Nd6 {
[%clk 0:21:57]} 33. Kd3 {[%clk 0:29:57]} 33... b5 {[%clk 0:20:32]} 34. Bd1 {
[%clk 0:26:34]} 34... Ne4 {[%clk 0:18:55]} 35. Bf3 {[%clk 0:23:41]} 35... a5 {
[%clk 0:18:33]} 36. Bg2 {[%clk 0:20:49]} 36... Bf8 {[%clk 0:17:22]} 37. a4 {
[%clk 0:20:24]} 37... bxa4 {[%clk 0:17:40]} 38. bxa4 {[%clk 0:20:44]} 38... Nd6
{[%clk 0:15:50]} 39. Bf3 {[%clk 0:19:23]} 39... Nc4 {[%clk 0:15:59]} 40. Bd1 {
[%clk 0:18:51]} 40... Nb2+ {[%clk 0:15:55]} 41. Ke2 {[%clk 0:18:34]} 41... Kf6
{[%clk 0:15:13]} 42. Bd2 {[%clk 0:17:21]} 42... Nc4 1/2-1/2